| 000 | 00929nam a22003015i 4500 | ||
|---|---|---|---|
| 001 | 10800 | ||
| 003 | ES-MaACL | ||
| 005 | 20260113170329.0 | ||
| 007 | t| | ||
| 008 | 940104s1993 sp ||||0| spa j | ||
| 020 | _a84-7822-081-X | ||
| 040 |
_aM-BN _bspa _cM-BN |
||
| 080 | _a929 Arendt, Hannah | ||
| 080 | _a32 Arendt, Hannah | ||
| 100 | 1 |
_aYoung-Bruehl, Elisabeth. _9117705 |
|
| 245 | 1 | 0 |
_aHannah Arendt / _cElisabeth Young-Bruehl. |
| 260 |
_aValencia : _bEdicions Alfons el Magnáanim, _c1993. |
||
| 300 |
_a651 p ; _c22 cm. |
||
| 490 | 1 |
_aColección Debates/biografía ; _v14 |
|
| 500 | _aAntología de textos: p. [603]-625. | ||
| 500 | _aIndice. | ||
| 504 | _aBibliografía: p. [627]-640. | ||
| 600 | 1 | 4 |
_aArendt, Hannah, _d1906-1975 _9242687 |
| 830 | 0 |
_aColección Debates/biografía ; _v14 _9178837 |
|
| 852 |
_aES-MaACL _jL-18160 _bR.124411 |
||
| 999 |
_c10800 _d10800 |
||